MARC details
| 000 -LEADER |
| fixed length control field |
01460 a2200289 4500 |
| 001 - CONTROL NUMBER |
| control field |
200421869 |
| 003 - CONTROL NUMBER IDENTIFIER |
| control field |
TR-AnTOB |
| 005 - DATE AND TIME OF LATEST TRANSACTION |
| control field |
20230915113808.0 |
| 008 - FIXED-LENGTH DATA ELEMENTS--GENERAL INFORMATION |
| fixed length control field |
150422s2014 tu 000 0 |
| 020 ## - INTERNATIONAL STANDARD BOOK NUMBER |
| International Standard Book Number |
1901095649 |
| 040 ## - CATALOGING SOURCE |
| Original cataloging agency |
TR-AnTOB |
| Language of cataloging |
eng |
| Description conventions |
rda |
| Transcribing agency |
TR-AnTOB |
| 041 0# - LANGUAGE CODE |
| Language code of text/sound track or separate title |
İngilizce |
| 050 00 - LIBRARY OF CONGRESS CALL NUMBER |
| Classification number |
PE1128 |
| Item number |
.I28 2015 |
| 090 ## - LOCALLY ASSIGNED LC-TYPE CALL NUMBER (OCLC); LOCAL CALL NUMBER (RLIN) |
| Classification number (OCLC) (R) ; Classification number, CALL (RLIN) (NR) |
PE1128 .I28 2015 |
| 111 ## - MAIN ENTRY--MEETING NAME |
| 9 (RLIN) |
105830 |
| Meeting name or jurisdiction name as entry element |
International Association of Teachers of English as a Foreign Language |
| Number of part/section/meeting |
(48th : |
| Date of meeting |
2014 : |
| Location of meeting |
Harrogate, England) |
| 245 10 - TITLE STATEMENT |
| Title |
IATEFL 2014 |
| Remainder of title |
Harrogate conference selections : 48th International Conference, Harrogate, 2-5 April 2014 ; Faversham / |
| Statement of responsibility, etc. |
edited by Tania Pattison. |
| 264 ## - PRODUCTION, PUBLICATION, DISTRIBUTION, MANUFACTURE, AND COPYRIGHT NOTICE |
| Place of production, publication, distribution, manufacture |
Faversham : |
| Name of producer, publisher, distributor, manufacturer |
IATEFL, |
| Date of production, publication, distribution, manufacture, or copyright notice |
2015. |
| 300 ## - PHYSICAL DESCRIPTION |
| Extent |
239 pages : |
| Other physical details |
photos, graphics, tables ; |
| Dimensions |
24 cm. |
| 336 ## - CONTENT TYPE |
| Content type term |
text |
| Source |
rdacontent |
| Content type code |
txt |
| 337 ## - MEDIA TYPE |
| Media type term |
unmediated |
| Source |
rdamedia |
| Media type code |
n |
| 338 ## - CARRIER TYPE |
| Carrier type term |
volume |
| Source |
rdacarrier |
| Carrier type code |
nc |
| 505 ## - FORMATTED CONTENTS NOTE |
| Formatted contents note |
I.Approaches, principles and implications -- II.Psychological and cultural aspects of ELT -- III.Perspectives on teacher education --IV.Key topics in ELT for young learners -- V.Getting creative-inside and aoutside the classroom -- VI. Focus on listenind and speaking skills -- VII.Focus on reading, writing and vocabulary -- VIII.English for career training -- IX.Feedback and assessment -- X.Teacher development around the world. |
| 650 00 - SUBJECT ADDED ENTRY--TOPICAL TERM |
| Topical term or geographic name entry element |
English language |
| Form subdivision |
Textbooks for foreign speakers |
| 9 (RLIN) |
67636 |
| 700 1# - ADDED ENTRY--PERSONAL NAME |
| Personal name |
Pattison, Tania |
| 9 (RLIN) |
87252 |
| 942 ## - ADDED ENTRY ELEMENTS (KOHA) |
| Koha item type |
Book |
| Source of classification or shelving scheme |
Library of Congress Classification |